000 00441nam a2200133 4500
999 _c14275
_d14275
008 190906b ||||| |||| 00| 0 eng d
082 _aDPer 050 T48 Apr-June 2016 v. 187 n. 12-24
100 _939471
_aJenkins, Nash.
245 _aChance the rapper colors outside lines/
_cNash Jenkins.
260 _aHong Kong:
_bTime Asia,
_cc2016.
300 _av187 n22, page 48:
_billustrations;
_c27 cm.
650 _aMusicians.
_940171
942 _2ddc
_cPER